Magic ladder to success

Bibliographic Details
Main Author: Hill, Napoleon
Format: Book
Published: Kuala Lumpur : Napoleon Hill Associates Creative , 2003
Subjects:

MARC

LEADER 00000cam a2200000 7i4500
001 0000023750
005 20081016.0
008 081016
020 |a 983413830X 
090 0 0 |a 158.1   |b HIL 
100 1 |a Hill, Napoleon 
245 1 0 |a Magic ladder to success   |c Napoleon Hill 
260 |a Kuala Lumpur :   |b Napoleon Hill Associates Creative ,   |c 2003 
650 0 |a Self-confidence 
650 0 |a Self-control 
650 0 |a Success 
650 0 |a Wealth 
999 |a 0001026109   |b Book   |c Adult Collection   |e Perbadanan Perpustakaan Awam Johor 
999 |a 0001026111   |b Book   |c Adult Collection   |e Perbadanan Perpustakaan Awam Johor